000 00498nam a22001577a 4500
005 20251108175605.0
008 250721s1984 xx 000 0 ara d
082 1 4 _a218.2/ محا
100 1 _aالمحاسبي, ابي عبدالله الحارث بن أسد
245 1 0 _aآداب النفوس /
264 1 _aبيروت :
_bدار الجيل،
_c1984.
650 1 7 _aالاخلاق الاسلامية
700 1 _aعطا, عبد القادر احمد
942 _2ddc
_cBK
999 _c137703
_d137703